| 000 | 00612nam a22001457a 4500 | ||
|---|---|---|---|
| 020 | _a978-0-689-87883-1 | ||
| 082 |
_a823 _bKEE/N |
||
| 100 | _aKEEN, CAROLYN | ||
| 245 | _aNANCY DREW - BAD TIMES, BIG CRIMES | ||
| 260 |
_aNEW YORK _bALADDIN PAPERBACKS _c2005 |
||
| 300 | _a139 | ||
| 520 | _aIn this book, Nancy attends a lecture with her friends George and Bess and her boyfriend, Ned; at some point, she falls asleep and travels back in time to the Great Depression and helps out a family who loses the deed to their house because of gambling with a gangster. | ||
| 650 |
_aDETECTIVE _zUNITED STATES |
||
| 942 | _cBK | ||
| 999 |
_c7858 _d7858 |
||